Citrus / (Record no. 19219)

000 -LEADER
fixed length control field 00456cam a2200169Ia 4500
020 ## - INTERNATIONAL STANDARD BOOK NUMBER
ISBN 0851988679 (pbk)
040 ## - CATALOGING SOURCE
Transcribing agency UKM
082 ## - DEWEY DECIMAL CLASSIFICATION NUMBER
Classification number 631 CAB 1994 C140 Or.
100 1# - MAIN ENTRY--AUTHOR NAME
Personal name Davies, Frederick S
245 10 - TITLE STATEMENT
Title Citrus /
260 ## - PUBLICATION, DISTRIBUTION, ETC. (IMPRINT)
Place of publication Wallingford, Oxon :
Name of publisher CAB International,
Year of publication c1994
300 ## - PHYSICAL DESCRIPTION
Number of Pages viii, 254 p. :
Other physical details ill. ;
Dimensions 24 cm
490 1# - SERIES STATEMENT
Series statement Crop production science in horticulture ;
650 #0 - SUBJECT ADDED ENTRY--TOPICAL TERM
Topical Term Citrus fruits
700 1# - ADDED ENTRY--PERSONAL NAME
Personal name Albrigo, L. Gene
942 ## - ADDED ENTRY ELEMENTS (KOHA)
Koha item type សៀវភៅភាសាអង់គ្លេស
952 ## - LOCATION AND ITEM INFORMATION (KOHA)
Withdrawn status [LOCAL, KOHA] 0
Holdings
Permanent Location Date acquired Koha item type Lost status Shelving location Barcode Current Location Full call number
Library Block C2020-05-19សៀវភៅភាសាអង់គ្លេស C140A339151Library Block C631 CAB 1994 C140 Or.
មជ្ឈមណ្ឌលឯការនៃសាកលវិទ្យាល័យភូមិន្ទកសិកម្មចំការដូង

Powered by Koha